000 00585nam a2200193Ia 4500
003 LDD
008 181029s9999 xx 000 0 und d
020 _a8177081144
_c575.00
040 _cLDD
100 _aMahapatra, Debidatta Aurobindo
245 0 _aIndia-Russia partnership
_cDebidatta Aurobindo Mahapatra
260 _aNew Delhi
_bNew Century Publications
_c2006
300 _aix, 212p
365 _b575.00
901 _a3527
_b24-11-2006
902 _a1371/12/06
_b05-12-2006
_cF
_dSELECT
_e32
903 _aDiscount-10
_bReqst by : Reddy, K. Sudheer
942 _2ddc
_cBK
999 _c76725
_d76725